000 00841cam a2200253 4500
001 ABS63535
008 000000n2001 000 0 eng u
035 _a(Sirsi) u111257
110 _aCitex
_93836
245 _aWhole-life cost model
260 _c2001
490 _aBuilding
_v266(8171) 2 March 2001, 75-81(6)
520 _aAnalysis of three model buildings over 25 years. Compares data with a City of London office block. Data compiled by Citex with assistance from Halifax.
590 _aABS
650 _aWHOLE LIFE COST MODELS
650 _aWHOLE LIFE COSTS
650 _aCITY OF LONDON
650 _aPROPERTY-COMMERCIAL PROPERTY-OFFICE PROPERTY-OFFICE PROPERTY MARKET
650 _aCAPITAL COSTS
650 _aOCCUPANCY COSTS
650 _aCOST ANALYSIS
690 _aBUILT ENVIRONMENT-BUILDING COSTS
942 _n0
999 _c66288
_d66288